|
|
|
|
| LEADER |
01058nam a2200289 a 4500 |
| 001 |
7552 |
| 003 |
BD-DhAAL |
| 005 |
20150629104144.0 |
| 008 |
150629s2005 bg b 001 0 eng |
| 010 |
|
|
|a 2005386611
|
| 020 |
|
|
|z 9840801934
|
| 040 |
|
|
|a CStRLIN
|b eng
|d ANL
|d BD-DhAAL
|
| 042 |
|
|
|a lcode
|
| 043 |
|
|
|a a-bg---
|
| 082 |
0 |
4 |
|a 324.95492
|2 22
|
| 100 |
1 |
|
|a Mannan, Md. Abdul.
|9 12612
|
| 245 |
1 |
0 |
|a Elections and democracy in Bangladesh /
|c Md. Abdul Mannan.
|
| 260 |
|
|
|a Dhaka :
|b Academic Press and Publishers Library,
|c 2005.
|
| 300 |
|
|
|a xii, 194 p. ;
|c 22 cm.
|
| 504 |
|
|
|a Includes bibliographical references (p. [186]-192) and index.
|
| 541 |
|
|
|e 7552
|
| 650 |
|
0 |
|a Elections
|z Bangladesh
|x History.
|9 12613
|
| 650 |
|
0 |
|a Democracy
|z Bangladesh
|x History.
|9 12614
|
| 651 |
|
0 |
|a Bangladesh
|x Politics and government
|y 20th century
|9 12615
|
| 942 |
|
|
|2 ddc
|c BK
|
| 999 |
|
|
|c 34879
|d 34879
|
| 952 |
|
|
|0 0
|1 0
|2 ddc
|4 0
|6 324_954920000000000_MAN
|7 0
|9 54594
|a SCL
|b SCL
|c GEN
|d 2015-06-29
|g 225.00
|l 2
|m 4
|o 324.95492 MAN
|p 3020007552
|r 2023-12-09
|s 2023-12-03
|t 1
|w 2015-06-29
|y BK
|